000 00697nam a2200181 i 4500
001 142626
003 ES-MaACL
005 20230906200557.0
007 t|
008 071009s1914 sp ||||1| cat d
100 1 _aVilaragut, Antonio de.
_9114811
245 1 4 _aLes tragedies de Seneca /
_cAntoni de Vilaragut ; examen comparativo de los códices de los mismos precedidos de un estudio bibliográfico por Marcelino Gutiérrez del Caño.
260 _aValencia :
_b[s.n.],
_c1914 (
_fImp. de Antonio López y Compª)
300 _aXLIV, 525 p. ;
_c26 cm.
600 1 4 _aSéneca, Lucio Anneo.
_9105451
700 1 _aGutiérrez del Caño, Marcelino.
_961134
852 _aES-MaACL
_jA-2793
_bR.19675
999 _c142626
_d142626